Nonlinear problems of engineering /

Guardado en:
Autor Corporativo: University of Delaware. Dept. of Mechanical Engineering.
Otros Autores: Ames, William F. (Editor )
Formato: Libro
Idioma:English
Publicado: New York : Academic Press, 1964.
Materias:
Acceso en línea:Google Book Search
Etiquetas: Agregar Etiqueta
Sin Etiquetas, Sea el primero en etiquetar este registro!
LEADER 00992cam a22002415a 4500
001 MAT.inmabb005063
008 840409s1964####nyua#####b####101#0#eng##
005 20170823133820.0
245 1 0 |a Nonlinear problems of engineering /  |c edited by William F. Ames. 
260 |a New York :  |b Academic Press,  |c 1964. 
300 |a xiv, 252 p. :  |b il. ;  |c 24 cm. 
500 |a Fifteen lectures delivered at a seminar conducted by the Dept. of Mechanical Engineering, University of Delaware, at the university, June 19-21, 1963. 
504 |a Incluye referencias bibliográficas e índice. 
510 4 |a MR,  |c 31 #6399 
700 1 |a Ames, William F.  |4 edt 
710 2 |a University of Delaware.  |b Dept. of Mechanical Engineering. 
650 0 |a Nonlinear mechanics. 
650 0 |a Engineering mathematics. 
084 |a 00A69  |2 msc2000 
010 |a  64024651  
040 |a DLC/ICU  |c ICU  |d DLC 
856 |u http://books.google.com/books?id=UJ9RAAAAMAAJ  |y Google Book Search 
859 |h 00A69  |i N813  |p A-2561  |b BIB. MATEMATICA